Modern systems analysis and design (Record no. 115383)

MARC details
000 -LEADER
fixed length control field 00403nam a2200157Ia 4500
008 - FIXED-LENGTH DATA ELEMENTS--GENERAL INFORMATION
fixed length control field 230917s9999||||xx |||||||||||||| ||und||
040 ## - CATALOGING SOURCE
-- 85517
Original cataloging agency VIVEKANANDA LIBRARY
041 ## - Language
-- English
082 ## - DDC NUMBER
Classification number 005.1 H66M
100 ## - MAIN ENTRY--PERSONAL NAME
Personal name Hoffer, Jeffrey A
245 #0 - TITLE STATEMENT
Title Modern systems analysis and design
250 ## - EDITION STATEMENT
Edition statement 3rd ed.
260 ## - PUBLICATION, DISTRIBUTION, ETC. (IMPRINT)
Place of publication, distribution, etc Singapore
Name of publisher, distributor, etc Pearson Education Asia
Date of publication, distribution, etc 2002
300 ## - PHYSICAL DESCRIPTION
Pages xxxii, 733 p.
942 ## - ADDED ENTRY ELEMENTS (KOHA)
Koha item type Books
Holdings
Withdrawn status Lost status Damaged status Not for loan Location (home branch) Sublocation or collection (holding branch) Shelving location Date acquired Koha issues (times borrowed) Koha full call number Accession No. Koha date last seen Koha item type
        VIVEKANANDA LIBRARY VIVEKANANDA LIBRARY IMSAR Library 31/03/2003   005.1 H66M 205409 17/09/2023 Books
        VIVEKANANDA LIBRARY VIVEKANANDA LIBRARY UIET Library 31/03/2003   005.1 H66M 209420 17/09/2023 Books
        VIVEKANANDA LIBRARY VIVEKANANDA LIBRARY UIET Library 31/03/2003   005.1 H66M 225852 17/09/2023 Books
        VIVEKANANDA LIBRARY VIVEKANANDA LIBRARY UIET Library 31/03/2003   005.1 H66M 225853 17/09/2023 Books
        VIVEKANANDA LIBRARY VIVEKANANDA LIBRARY UIET Library 31/03/2003   005.1 H66M 225854 17/09/2023 Books
        VIVEKANANDA LIBRARY VIVEKANANDA LIBRARY UIET Library 31/03/2003   005.1 H66M 225855 17/09/2023 Books
        VIVEKANANDA LIBRARY VIVEKANANDA LIBRARY UIET Library 31/03/2003   005.1 H66M 229167 17/09/2023 Books
        VIVEKANANDA LIBRARY VIVEKANANDA LIBRARY UIET Library 31/03/2003   005.1 H66M 236224 17/09/2023 Books
        VIVEKANANDA LIBRARY VIVEKANANDA LIBRARY UIET Library 31/03/2003   005.1 H66M 236225 17/09/2023 Books
        VIVEKANANDA LIBRARY VIVEKANANDA LIBRARY UIET Library 31/03/2003   005.1 H66M 236226 17/09/2023 Books
© Designed and Maintained by Vivekananda Library, MDU Rohtak